00649nam a22002057a 450000500170000001000230001702000260004003500170006603500130008303500140009603700170011003700130012708200140014010000190015424500670017326000510024027000670029130000350035850000500039320170502100218.0 a1617EN ENG-116906 a9780198086949c775.00 aB-651419-428 aB-666221 aEN-100438 bPragatiadpl bDBAD/PUB a624.18341 aSubramnian, N. aDesign of reinforete concrete strructures /cby N.Subramnian c2016 (rpt)aNew DelhibOxford University Press aYMCA Library Building, 1, Jai Singh Road, bNew Delhie110001. c25cm(pbk)axxi, 857p.b illus. aIncludes bibliographical references and index